000 00976nam a2200289 i 4500
003 DO-SdBNP
005 20260505081325.0
007 ta
008 260505b2025 dr ad||| |||| 00| 0 spa d
020 _a9789915656916
040 _aDO-SdBNP
_bspa
_cBNPHU
_erda
041 _aspa
082 4 _axxx
_bxxx
_222
100 _aBatista García, Oscar Antonio,
_eautor
_4aut.
_989456
245 1 0 _aDinámica minera en República Dominicana :
_bcaso provincia Monseñor Nouel /
_cOscar Antonio Batista García
250 _aprimera edición
264 1 _aSanto Domingo :
_bEditorial Santuario,
_c2025.
300 _a93 páginas :
_bilustraciones, gráficos ;
_c23 cm.
336 _atexto
_btxt
_2rdacontent
337 _asin mediación
_bn
_2rdamedia
338 _avolumen
_bnc
_2rdacarrier
500 _aIncluye datos biográficos del autor en las solapas
504 _aBibliografía : páginas 89-92
590 _aInventariado, 2026/BT
910 _aBtavárez
942 _2ddc
_cLBS1
999 _c60656
_d60656